|
|
|
|
| LEADER |
00000nam a22000007a 4500 |
| 005 |
20210226215340.0 |
| 007 |
cr|||| |||| |
| 008 |
210226s2012 us |||||s|||| 00||0 eng d |
| 020 |
|
|
|a 978-1-61438-506-6
|
| 035 |
|
|
|a 32420
|
| 040 |
|
|
|a vLex
|
| 090 |
|
|
|c 11301
|d 11301
|
| 100 |
1 |
|
|a Weismann, Miriam
|
| 245 |
1 |
0 |
|a Corporate Crime & Financial Fraud
|h [Recurso electrn̤ico] :
|b Legal and Financial Implications of Corporate Misconduct /
|c Miriam Weismann
|
| 256 |
|
|
|a Servicio en ln̕ea
|
| 260 |
|
|
|a Chicago:
|b American Bar Association,
|c 2012
|
| 300 |
|
|
|a 1 recurso electrn̤ico
|
| 506 |
1 |
|
|a Disponible solo en los productos indicados
|d vLex Global
|d vLex Global (Academic Edition, excluding Law Schools)
|d vLex Global (Academic Edition, Law Schools)
|
| 650 |
0 |
4 |
|a Derecho Penal
|z Estados Unidos
|
| 740 |
0 |
|
|a vLex Libros (Servicio en ln̕ea)
|
| 856 |
4 |
0 |
|u http://vlex.com/source/corporate-crime-financial-fraud-32420
|z Acceso restringido
|
| 942 |
|
|
|c BOOK
|
| 999 |
0 |
|
|a Criminal law
|